Datum a čas kvízu
35.5
Celkem bodů
Celkový počet nahraných bodů na tomto kvízu bez doplňovacích otázek.
3.
Pořadí na kvízu
Konečné umístění týmu na tomto kvízu.
Zaznamenané odpovědi
| # | Otázka | Odpověď | Body | Výsledky |
|---|---|---|---|---|
| 1. | Jak se jmenuje tento muž, kter... | Vladimír Balaš | 1 | |
| 2. | Minulý týden vyšla zpráva o to... | D) papoušky | 0 | |
| 3. | Historickým městem roku 2022 s... | Vysoké Mýto | 0 | |
| 4. | Japonská společnost Sega oznám... | Angry Birds | 1 | |
| 5. | Ve které evropské metropoli se... | v Londýně | 0 | |
| 6. | O slovanských bozích a mýtech... | Perun, Mokoš/Mokoša/Makoša | 0.5 | |
| 7. | Níže zobrazený český lékař a b... | Jan Evangelista Purkyně, Živa | 0 | |
| 8. | Na kresbě níže je zachycena mý... | Kostěj | 1 | |
| 9. | Seřaďte tyto slovanské svátky... | 1B 2A 3D 4C | 1 | |
| 10. | Ve fantasy románu Američtí ___... | Američtí bohové, Neil Gaiman | 1 |